000 01399nam0a22003131 4500
001 rc\4691045
005 20130416210419.1
021 _aRU
_b[64-60239]
035 _a(NLR Aleph) 008713409
090 _a9372627
_c9372627
100 _a20130416d19631964|||y0rusy50 ca
101 0 _arus
102 _aRU
105 _aa c |||||
200 1 _aПрименение фототехнических материалов для копирования и размножения проектно-технической документации
_eУказания
_fГос. ком. по делам строительства СССР. Гипротис
210 _aМосква
_cБ. и.
_d1963 [вып. дан. 1964]
215 _a32 с.
_cчерт.
_d28
300 _aВ вып. дан. сост.: И.С. Резник, А.М. Кристалинский, Н.А. Финогенова и др.
606 _aФотографические материалы, технические
_2psbo
606 _aФотокопия
_2psbo
702 1 _aКристалинский
_bА. М.
_4220
702 1 _aФиногенова
_bН. А.
_4220
702 1 _aРезник
_bИ. С.
_gИосиф Семенович
_4220
712 0 2 _a"Гипротис", ин-т
_cМосква
_3RU\NLR\AUTH\889937022
801 0 _aRU
_bNLR
_gpsbo
801 1 _aRU
_bELAR
_2rusmarc
852 _aNLR
_j64-8/1604
942 _cBOOK
980 _aNB